00277nam a2200097Ia 4500008004100000245005200041245001500093260000900108650001400117856004800131171211s9999 xx 000 0 und d aMix-and-Match Mama Eats: Crazy Good Go-To Meals cShay Shull c2016 xCOOKBOOKS uhttp://down.ebook777.com/062/0736966137.pdf